Petit Bac - Lettre E - Statistiques

Statistiques générales
  • Ce quiz a été pris 6 179 fois
    6 175 depuis la dernière actualisation
  • Le résultat moyen est 8 sur 10
Statistiques - réponses
Catégories : Réponses en E % Correct
Prénom Eden / Eléa / Elena / Eléana / Elen / Eliane / Elisa / Elisabeth / Elise / Elodie / Eloise / Elsa / Emeline / Emilie / Emma / Enora / Estelle / Esther / Eva / Elias / Eliot / Eliott / Elouan / Enzo / Erwan / Esteban / Ethan / Evan / Ewen / Eric / Etienne / Edward / Emile / Emilien / Eric / Etienne / Ellian / Ellan / Elian / Edouard / Edgar
100%
Pays Égypte / Émirats arabes / Équateur / Érythrée / Espagne / Estonie / États-Unis / Éthiopie / Eswatini
97%
Marque EDF / Eastpak / Ellesse / Engie / Epson / Esprit / Etam / Evian / ea sport / element / elesse / Elle / eden park / ebay / Electrolux / eagle / Eram / Emporio Armani / Enedis / Eleven Paris / Esso / Electronic Arts / Elite / EA sports / Ericson / E.Leclerc / Elephant / Emma / Elseve / Esquisse / Estée Lauder / Energizer / elf / Eristoff / Ericsson / elephant bleu / Elle et vire / ellese / Elgato / Emirates / Ernest / Edison / epic games / Epsilon / Etnies / Ecosia / Eden / Essence / Erima / Etham /Elior / eleven paris / Elan / Everlast / Essie / easy jet / EA7 / EA Games / Eres / EA Sport / Elements / Envia / electro depot / Everest / Endemol / Etsy / Erikson / Escada / Eni / Ebly / Equidia / Energie / Europcar / Electrabel / Exacompta / Edelweiss / Emporio / electronic art / Elios / Eristof / Eureka / e-bay / Erborianeco plus / Eliseasport / Elmex / Eclypsia
94%
Animal Echidné / Eclectus / Ecureuil / Elan / Eland / Eléphant / Emeu / Emyde lépreuse / Epeire / Epervier / Escargot / Espadon / Esturgeon / Étoile de mer
93%
Métier ébéniste / éclairagiste / économe de flux / économètre statisticien / économiste de la construction / écrivain / écrivaine / éditeur / éditrice / éducateur / éducatrice / élagueur / élagueuse / électricien / électromécanicien / électronicien / électronicienne / éleveur / éleveuse / employé / encadreur / encadreuse / enquêteur / enseignant / enseignante / entraîneur / entraîneuse / ergothérapeute / esthéticien / étalagiste / étanchéiste / ethnologue / expert / experte / Eboueur
86%
Sport Échecs / Équitation / Escalade / Escrime / Esport
82%
Objet Entonnoir / Effaceur / Enclume / Encre / Encrier / Entonnoir / Enveloppe / Escabeau / Escalier / Extincteur / Eponge / enceinte / espadrille / Encyclopédie / Enjoliveur / estrade / Essuie tout / Encens / Escalator / Erlenmeyer / Escarpin / Essoreuse / Engrenage / Enrouleur / Emballage / Embout / Essuie-tout / Estampe / Essuie glace / Emporte pièce / Ecoutilles / entretoise / Enregistreur / e-cigarette / Endoscope / encensoir / Essoreuse / Enclos / Essuie-glace / Enseigne / Engrais / Escaliers / enluminure / Emporte-pièce / Encodeur / extracteur / Enjoliver / Escabelle / Emblème / Enceinte / Essoreur / Estafette / Esse / escalateur / Extracteur de jus / Extincteurs / estompeur / Essuie main / Essieu / électromètre / Encadrement / Enveloppe / Embrayage / Espagnolette / Enduit / Escabeaux / Explosif / esquisse / encreur / entrave / Eppée / Enlumineur / endomètre / Exosquelette / Estoc / Emetteur / essieu / Electrovanne / espingole / Encéphalogramme / excavateur / embauchoir / Embarcation / Escarbot / enclot / Emploi du temps / Elliptique / Ethylotest / Ecran / Echelle / Equerre
69%
Fruit ou Légume Echalote / Endive / Epinard / Eglantine
68%
Vêtement écharpe / élastanne / escarpin / esquimau / étole / Espadrille
67%
Partie du corps Encéphale / Endothéliale / Engrammes / Épaule / Epicanthus / Epicondyle / Epiderme / Epididyme / Épiglotte / Epiphyse / Epithélium / Estomac / Ethmoïde / Exsudat / Enclume / Etrier / Echine / email / Enclume / Etrier
64%
Aucun quiz correspondant
Distribution des résultats
% des personnes avec chaque résultat
Percentile par nombre de réponses
Votre historique - résultats
Vous n’avez pas pris ce quiz depuis la dernière actualisation